000 00732cam a22002533a 4500
001 9022
003 PGUSA
005 20140828083207.0
008 050901s2005||||xxu|||||s|||||000 i eng d
040 _aPGUSA
_beng
042 _adc
050 4 _aPS
100 1 _aTwain, Mark,
_d1835-1910
245 1 0 _aGoldsmith's Friend Abroad Again
_h[electronic resource] /
_cMark Twain
260 _bProject Gutenberg,
_c2005
506 _aCopyrighted. Read the copyright notice inside this book for details.
516 _aElectronic text
653 _aImaginary letters
653 _aUnited States -- Fiction
653 _aSatire
830 0 _aProject Gutenberg
_v9022
856 4 0 _uhttp://www.gutenberg.org/ebooks/9022
942 _cAB
999 _c238306
_d238306